Журналы заседаний Совета Министров

Доступно только в Электронных читальных залах Найти на картеНа карте
RUSMARC
00003849nac2a22002533x 450
0019b4c475e-d4d5-4ff6-803e-0096eab69559
00520190225174156.0
100##$a20190110l 1919k y0rusy50 ca
1010#$arus
102##$aRU
105##$ay z |||||
2001#$aЖурналы заседаний Совета Министров
$j27 февраля 1919 - 03 октября 1919
215##$a346 листов
251##$cДело
300##$aЛисты: 1, 28, 54, 81-82, 86, 89, 99, 137, 147, 147а, 102, 41, 187, 196, 211, 254, 274, 277-278, 310-314, 318, 322, 332, 335 - поврежденные
300##$aМашинописный и рукописный текст
324##$aКопии
461#0$10010f0e3429-2e37-4fb4-ace0-6332d350a692
$12001
$aМинистерство внутренних дел Российского правительства. Омск
$1251
$cФонд
$1852
$j1700
$gР
462#0$100196992368-87aa-4ec8-94b8-d5a64cfcd599
$12001
$aКанцелярия министра. 1918-1919 гг.
$vД. 9
$1251
$cОпись
$1852
$j7
60102$3RU\NLR\AUTH\8810247804
$aВременное Сибирское правительство
$bМинистерство внутренних дел
60102$3RU\NLR\AUTH\889929389
$aВременное Сибирское правительство
$bСовет Министров
801#0$aRU
$bGA_RF
801#1$aRU
$bГлавНИВЦ
$c20190110
$2rusmarc
801#2$aRU
$bПБ им. Б.Н. Ельцина
$c20190225
$gRCR
$2rusmarc
852##$aГА РФ
$j9
937##$d126076155
$hПБ
035##$aRuPRLIB51054489
856##$uhttp://readingroom.main.prlib.ru/item.aspx?id_node=n126076155&mode=full
Формат отображения